Los posibles candidatos desde la oposición

保存先:
書誌詳細
フォーマット: テキスト
主題:
タグ: タグ追加
タグなし, このレコードへの初めてのタグを付けませんか!

MARC

LEADER 00000 a a2200000 04500
001 6849
003
040
245 |a Los posibles candidatos desde la oposición  
650 |a PARTIDOS POLITICOS  
650 |a ELECCIONES  
650 |a EL SALVADOR  
773 |g volumen 28, número 1255; páginas 4-6  
999 |c 20833  |d 20833